| 000 | 00508nam a2200169Ia 4500 | ||
|---|---|---|---|
| 003 | SGT | ||
| 020 | _a8174091955 | ||
| 082 |
_a510 _bGRE |
||
| 100 | _aGrewal,B.S | ||
| 245 | _aHigher engineering mathematics | ||
| 250 | _a40th . . Ed. | ||
| 260 |
_bKhanna Books Publishing Co. Ltd. _aN. Delhi _c2007 |
||
| 300 | _a1391p. | ||
| 650 | _aENGINEERING MATHEMATICS | ||
| 653 | _aALGEBRA & GEOMETRY,CALCULUS SERIES,DIFFERENTIAL EQUATIONS,COMPLEX ANALYSIS,NUMERICAL TECHNIQUES,SPECIAL TOPICS | ||
| 942 |
_2ddc _cBK _043 |
||
| 999 |
_c4940 _d4940 |
||